LEADER 01014nam a2200253 i 4500 001 000000173273 003 CaOOAMICUS 005 20251204092759.0 008 080711s1951 it u000 u ita u 013 $a150725 040 $aSeMil$bita 100 0 $aHerodotus,$d<484-425 a.C.>.$0(OLS)http://semarc/name/975 240 10$aHistoriae.$0(OLS)http://semarc/title/36333 245 13$aLe storie /$cErodoto ; introduzione, traduzione e note di Augusta Izzo d'Accinni. 260 $aFirenze :$bSansoni,$c1951. 300 $aCIII, 942 p. ;$c21 cm. 490 0 $aClassici della storia antica 700 1 $aIzzo d'Accinni, Augusta.$0(OLS)http://semarc/name/64708 830 0$aClassici della storia antica.$0(OLS)http://semarc/title/26059 850 $aSeMil 852 $aSeMil$W1$xVenegono$y1$m1Z II 132$j124120$B124120$CSeMilBibl$Z2$F135204 $81 996 $6245$aLe storie$9(OLS)http://semarc/title/1810 996 $6260$aFirenze :$bSansoni$9(OLS)http://semarc/publisher/29843 LEADER 01062nam a2200277 i 4500 001 000000075462 003 CaOOAMICUS 005 20071214000000.0 008 071214s1993 it u000 u ita u 013 $a46634 020 $a88-7746-602-2 040 $aSeMil$bita 100 1 $aTyler, Anne.$0(OLS)http://semarc/name/37255 240 10$aSaint Maybe.$0(OLS)http://semarc/title/122395 245 10$aQuasi un santo /$cAnne Tyler ; traduzione di Massimo Bocchiola. 260 $aParma :$bGuanda,$c1993. 300 $a342 p. ;$c22 cm. 490 0 $aNarratori della Fenice 700 1 $aBocchiola, Massimo,$d<1957- >.$0(OLS)http://semarc/name/37256 830 0$aNarratori della fenice.$0(OLS)http://semarc/title/24933 850 $aSeMil 852 $aSeMil$W1$xVenegono$y1$m1U V 103$j237281$B41614$CSeMilBibl$Z2$F41618 $81 961 $aOmaggio: Donazione 996 $6020$a88-7746-602-2$9(OLS)http://semarc/number/55965 996 $6245$aQuasi un santo$9(OLS)http://semarc/title/122394 996 $6260$aParma :$bGuanda$9(OLS)http://semarc/publisher/31392